00485nam a2200169Ia 450000500170000000800410001702000150005808200130007310000130008624500200009926000320011930000130015150000350016494200060019995200950020599900150030020250425064712.0240331s9999 xx 000 0 und d a9558033855 bKHOa808 aKhouri,N 0aDayabara daliya bVitharsana Publishersc2006 a209 p ., aTranslation of Forbidden Love cL 001040708LaWERCLbWERCLcSSCd2024-03-31l0o 808 KHOp5624r2024-03-31w2024-03-31yL c5184d5184